Constituciones políticas de la República de Chile, 1810-2005
Saved in:
| Corporate Author: | |
|---|---|
| Format: | Book |
| Language: | Spanish |
| Published: |
Santiago, Chile:
Diario Oficial
2005
|
| Edition: | Primera edición. |
| Subjects: | |
| Tags: |
Add Tag
No Tags, Be the first to tag this record!
|
MARC
| LEADER | 00000nam a2200000 a 4500 | ||
|---|---|---|---|
| 001 | UCK7742 | ||
| 003 | CL-VaPUC | ||
| 005 | 20250423160734.0 | ||
| 008 | 051209e20050000CL |||||||||||||||||spa|d | ||
| 999 | |c 315592 |d 315590 | ||
| 020 | |a 9567570183 | ||
| 040 | |c Pontificia Universidad Católica de Valparaíso | ||
| 082 | 0 | 4 | |a 342.83 CHI 2005 |2 21 |
| 110 | 1 | |a Chile |9 890760 | |
| 245 | 1 | 0 | |a Constituciones políticas de la República de Chile, 1810-2005 |
| 250 | |a Primera edición. | ||
| 260 | |a Santiago, Chile: |b Diario Oficial |c 2005 | ||
| 300 | |a 488 páginas | ||
| 505 | |a Índice General de la Obra. Índice de los textos y documentos constitucionales. -Año 1810. -Año 1811. -Año 1812. -Año 1814. -Año 1817. -Año 1818. -Año 1822. -Año 1823. -Régimen Federal 1826-1827. -Año 1828. Constitución Política de la República de Chile. -Año 1833. -Año 1825. -Periodo de Quiebre Constitucional 11-IX-1973 al 10-III-1990. Año 1973. -Actas Constitucionales. Año 1976. -Año 1980. -Período de Reestablecimiento Constitucional. Año 1990. | ||
| 583 | |a last modification |c 20051209 00:00:00 |k Rodrigo Vera | ||
| 650 | 1 | 0 | |a Constitución política de Chile |9 890575 |
| 650 | 1 | |a Derecho constitucional chileno |9 478271 | |
| 650 | 1 | |a Historia del derecho chileno |9 404081 | |
| 942 | |c BK |2 ddc | ||
| 945 | |d 20051209 00:00:00 |a cmena | ||
| 952 | |0 0 |1 0 |4 0 |6 342_830000000000000_CHI_2005 |7 0 |8 R |9 388973 |a BIBDER |b BIBDER |d 2019-11-22 |i 4191315 |o 342.83 CHI 2005 |p 4191315 |r 2023-01-25 |w 2019-11-22 |y BK_R |k DER | ||
| 952 | |0 0 |1 0 |4 0 |6 342_830000000000000_CHI_2005 |7 0 |8 R |9 388974 |a BIBDER |b BIBDER |d 2019-11-22 |i 4191323 |o 342.83 CHI 2005 |p 4191323 |r 2023-01-25 |w 2019-11-22 |y BK_R |k DER | ||